000 00303 a2200157 4500
001 161294
020 _a
040 _cMagnum
100 _a-
240 1 0 _aO patinho feio/globo
_lpor
245 1 0 _aO patinho feio/globo
362 0 _a1899
440 1 _aGlobo
697 _aIJ/ANIMAIS
942 _cBK
999 _c161294
_d161294